000 00601nam a2200217Ia 4500
003 OSt
005 20221007071758.0
006 a|||||r|||| 00| 0
007 ta
008 221006b |||||||| |||| 00| 0 eng d
024 _a26,004
037 _cReports / Technical Reports
040 _aFLL
_cFLL
_beng
041 _2eng
_aeng
082 _aX8:Z3qN65, K9
245 0 _aNational insurance act 1965
260 _aLondon
_bHer Majesty's Stationery Office UK
_c1969
300 _a127p
_ccm.
942 _hX8:Z3qN65, K9
_cREP
_2CC
999 _c1144298
_d1144298